| 000 | 00515nam a22001577a 4500 | ||
|---|---|---|---|
| 005 | 20231127095525.0 | ||
| 008 | 231127b |||||||| |||| 00| 0 eng d | ||
| 041 | _aEnglish | ||
| 082 | _a340.16 ROB | ||
| 100 |
_aRoberts, AA _lEnglish |
||
| 245 |
_aA South African Legal Bibliography / _cAA Roberts |
||
| 260 |
_aPretoria : _bUniversity of South Africa Hiddingh-Currie Publication Fund, _c1942 |
||
| 300 |
_b389 pages ; _c25 cm. |
||
| 650 |
_aLegal practice _bLaw |
||
| 942 |
_cBK _6ALISON_BN_VRIES |
||
| 999 |
_c973 _d973 |
||